00942cam a2200265 a 450000100100000000500170001000800410002702000150006804000230008304100380010608200170014410000370016124000450019824500810024326000410032430000210036553400520038665000260043865000300046470000310049491000070052504900090053295201200054199900150066100000465320200929151458.0780505s2001 sp 000 f spa d a840132887X aDO-SdBNPcDLCdDLC17aspahfre2Código de idioma MARC a843.8bV531s1 aVerne, Jules,d1828-1905.91357414aLe secret de Wilhelm Storitz.lEspañol13aEl secreto de Wilhelm Storitz /cJulio Verne ; traducción de Rosa Alapont. aBarcelona :bPlaza & Janés,c2001. a219 p. ;c23 cm. aTítulo orignal:tLe secret de wilhelm storitz 4aNovela francesa91075 4aLiteratura francesa910741 aAlapont, Rosa,etr.913577 aWM aBNGR 001054708MOaGRbGRcHDd2009-07-24iLF1l0o843.8 V531sp4653-10r2020-06-25w2020-06-25y4ZPréstamo en sala c4459d4459